Lyrics to 'Lo Que Hará Mi Boca' by Antonio José, Morat - Statistics

General Stats
  • This quiz has been taken 29 times
  • The average score is 283 of 315
Answer Stats
Answer % Correct
a
100%
al
100%
Al
100%
arriesgarme
100%
asegurarte
100%
boca
100%
conmigo
100%
contenerse
100%
contigo
100%
Cuando
100%
cuando
100%
enloquecer
100%
eres
100%
es
100%
estar
100%
esté
100%
estés
100%
ha
100%
hará
100%
la
100%
lejos
100%
lo
100%
Lo
100%
los
100%
manos
100%
me
100%
Me
100%
mi
100%
100%
mis
100%
momento
100%
No
100%
no
100%
ojos
100%
otra
100%
para
100%
Pero
100%
piel
100%
por
100%
Por
100%
pretender
100%
prometerte
100%
pueden
100%
puedo
100%
que
100%
Que
100%
quién
100%
quiero
100%
responder
100%
100%
100%
se
100%
si
100%
te
100%
Te
100%
toca
100%
100%
tu
100%
tuve
100%
ver
100%
vuelva
100%
Y
100%
y
100%
ya
100%
yo
100%
Yo
100%
aceptar
67%
amigo
67%
aunque
67%
cada
67%
decirlo
67%
digo
67%
dos
67%
entre
67%
equivoca
67%
escuchar
67%
estás
67%
faltó
67%
hablar
67%
importas
67%
llegue
67%
menos
67%
mientras
67%
nada
67%
Porque
67%
promesa
67%
provoca
67%
recuerdo
67%
respiro
67%
resuelve
67%
rota
67%
ser
67%
sido
67%
siempre
67%
sincero
67%
soy
67%
superarte
67%
Tal
67%
Tendré
67%
tiempo
67%
todo
67%
tus
67%
Una
67%
vez
67%
voz
67%
vuelve
67%
vuelvo
67%
casi
33%
condenarme
33%
fácil
33%
fotos
33%
miro
33%
queda
33%
Será
33%
llega
0%
No matching quizzes found
Score Distribution
Percent of People with Each Score
Percentile by Number Answered
Your Score History
You have not taken this quiz